01355nam a2200325Ia 4500001001200000003000800012006001900020007001500039008004100054020001800095020002600113040002100139035002100160050002400181100003600205245012800241250001200369260003300381300001000414490007800424504004100502533015200543650003600695650003700731655002900768700002100797710001700818830006800835856012600903ebr10451059CaPaEBRm u cr cn|||||||||800325s1985 gw sb 000 0 eng d z9789027209627 z9789027286727 (ebook) aCaPaEBRcCaPaEBR a(OCoLC)80593304614aPE3451b.L33 1985eb1 aLanham, L. W.q(Len W.),d1921-14aThe standard in South African English and its social historyh[electronic resource] /cby L. W. Lanham and C. A. Macdonald. a2nd ed. aHeidelberg :bGroos,cc1985. a96 p.1 aVarieties of English around the world. General series,x0172-7362 ;vv. 1 aIncludes bibliographical references. aElectronic reproduction.bPalo Alto, Calif. :cebrary,d2011.nAvailable via World Wide Web.nAccess may be limited to ebrary affiliated libraries. 0aEnglish languagezSouth Africa. 0aStandard languagezSouth Africa. 7aElectronic books.2local1 aMacDonald, C. A.2 aebrary, Inc. 0aVarieties of English around the world.pGeneral series ;vv. 1.40uhttp://site.ebrary.com/lib/rucke/Doc?id=10451059zAn electronic book accessible through the World Wide Web; click to view